| 000 | 00346nam a2200145Ia 4500 | ||
|---|---|---|---|
| 100 | _aCarpinelli/John D | ||
| 942 | _cBK | ||
| 366 | _f15 | ||
| 654 | _acomputer system | ||
| 245 | _aComputer System Organisation and Architecture | ||
| 260 |
_bPearson Education _aMumbai _c2001 |
||
| 082 |
_a004.22/CAR _bCAR |
||
| 300 | _a584 | ||
| 546 | _aENGLISH | ||
| 999 |
_c26600 _d26600 |
||